| 000 | 00501nam a2200181Ia 4500 | ||
|---|---|---|---|
| 999 |
_c36823 _d36823 |
||
| 003 | OSt | ||
| 005 | 20210127110535.0 | ||
| 008 | 190216s9999||||xx |||||||||||||| ||und|| | ||
| 020 | _a9798126117351 | ||
| 040 | _coclc | ||
| 082 |
_a954 _bTEA/M |
||
| 100 | _aA Team Of Experts | ||
| 245 | 0 |
_aModern UGC NET History / _cA Team Of Experts |
|
| 260 |
_bAnmol Publications, _c2004. _aNew Delhi: |
||
| 300 | _a344p | ||
| 650 | _aHistory | ||
| 942 |
_cREF _2ddc _h954 _iTEA/M _k954 _mTEA/M |
||